000 01641nam a2200493 i 4500
001 10028
003 KOSZ 005
005 20191015131722.0
008 000519s1979 pl a f |000 0 pol
015 _aPB 1979/2042
020 _a8320400287
035 _a991013944319705066
035 _a(PL-WaBN)b13750185-48omnis_nlop
035 _ab13750185
035 _a(OCoLC)749486676
035 _a(PL)b0000001375018
035 _a(EXLNZ-48OMNIS_NETWORK)9910044845605606
040 _aWA N
_cWA N
_dKOSZ 005/EG
041 0 _apol
046 _k1979
080 _a621.317
080 _a(07)
100 1 _aPazdro, Kazimierz
_eAutor
245 1 0 _aMiernictwo elektryczne w pytaniach i odpowiedziach /
_cKazimierz Pazdro.
260 _aWarszawa :
_bWydawnictwa Naukowo-Techniczne,
_c1979.
300 _a230, [2] s. :
_bil., tab., wykr. ;
_c21 cm.
336 _2rdacontent
_aTekst
_btxt
337 _2rdamedia
_aBez urządzenia pośredniczącego
_bn
338 _2rdacarrier
_aWolumin
_bnc
380 _aKsiążki
380 _aPublikacje dydaktyczne
388 _a1901-2000
388 _a1945-1989
504 _aBibliogr. s. [231].
521 _aKsiążka jest przeznaczona dla praktyków (elektromonterów, instalatorów) oraz dla uczących się.
650 7 _aElektrotechnika
_2DBN
650 7 _aPomiary
655 7 _aPodręczniki
_2DBN
658 _aInżynieria i technika
710 2 _aWydawnictwa Naukowo-Techniczne
_4pbl
856 _uhttp://koha.tu.koszalin.pl/cgi-bin/koha/opac-detail.pl?biblionumber=10028
_yKatalog online BPK
942 _2UKD
_cKS
999 _c10028
_d10028